000 01640nam a2200205Ia 4500
003 Ost
005 20260507074953.0
008 260507s9999||||xx |||||||||||||| ||und||
020 _a9771727273
040 _cfsecg
041 _aara
082 _a657.45
100 _aلطفي، امين اليسد أحمد
_eمؤلف
245 0 _aالتطورات الحديثة في المراجعة /
_c امين اليسد أحمد لطفي
260 _aالإسكندرية:
_bالدار الجامعية,
_c2007
300 _a737 صفحة؛
_bإيضاحات ؛
_c25 سم
520 _aالإطار العام للمراجعة وخدمات التأكد،سوق المراجعة،أخلاقيات المحاسبين المهنيين،قبول العميل،الأهمية النسبية ومخاطر المراجعة،فهم المنشأة وتقييم المخاطر والأهمية النسبية،الرقابة الداخلية،مخاطر الرقابة وتخطيط عملية المراجعة واختبارات الرقابة الداخلية،الإجراءات التحليلية،اختبار التحقق الأساسي ودليل الاثبات،مراجعة دورة المبيعات والتحصيل،مراجعة دورة الحيازة والمدفوعات،مراجعة دورة المخزون والمستودعات،مراجعة الدورات الأخرى،استكمال عملية المراجعة،تقارير المراجعة والاتصال،حوكمة مهنة المحاسبة والمراجعة في ضوء متطلبات قانون Sarbanes-Oxley
653 _aمراجعة الحسابات
942 _cكتاب
999 _c42009
_d42009